Beszerzési projekt tervezése és vizsgálata a projektmenedzsment nézőpontjából

Bibliographic Details
Main Author: Hideg Katalin
Other Authors: Kása Dr. Richárd
Format: Project work
Kulcsszavak:Projektmenedzsment
Beszerzés
Mikrovállalkozás
Online Access:http://dolgozattar.uni-bge.hu/16418

MARC

LEADER 00000nnm a2200000 i 4500
001 dolg16418
005 20180514093541.0
008 180514suuuu hu o 000 hun d
040 |a BGE Dolgozattár Repozitórium  |b hun 
041 |a hu 
100 1 |a Hideg Katalin 
245 1 0 |a Beszerzési projekt tervezése és vizsgálata a projektmenedzsment nézőpontjából  |c Hideg Katalin  |h [elektronikus dokumentum] 
516 |a Project_work 
695 |a Projektmenedzsment 
695 |a Beszerzés 
695 |a Mikrovállalkozás 
700 1 |a Kása Dr. Richárd  |e ths 
856 4 0 |u http://dolgozattar.uni-bge.hu/16418/1/Z%C3%A1r%C3%B3dolgozat%20-%20Hideg%20Katalin.pdf  |z Dokumentum-elérés 
856 4 0 |u http://dolgozattar.uni-bge.hu/16418/2/Titkos%C3%ADt%C3%A1si%20k%C3%A9relem.pdf  |z Dokumentum-elérés